General studies (Record no. 519295)

000 -LEADER
fixed length control field 00360nam a22001217a 4500
082 ## - DEWEY DECIMAL CLASSIFICATION NUMBER
Classification number PKP A72 V212/ind
100 ## - MAIN ENTRY--PERSONAL NAME
Personal name Ravi and Vajiram
9 (RLIN) 30120
245 ## - TITLE STATEMENT
Title General studies
Remainder of title Indian art and culture
Statement of responsibility, etc by Vajiram and Ravi
260 ## - PUBLICATION, DISTRIBUTION, ETC. (IMPRINT)
Place of publication, distribution, etc New Delhi
Name of publisher, distributor, etc Vajiram and Ravi
Date of publication, distribution, etc 2022
300 ## - PHYSICAL DESCRIPTION
Extent 321p.
650 ## - SUBJECT ADDED ENTRY--TOPICAL TERM
Topical term or geographic name as entry element General studies
9 (RLIN) 30121
650 ## - SUBJECT ADDED ENTRY--TOPICAL TERM
Topical term or geographic name as entry element Art - India
9 (RLIN) 30122
Holdings
Withdrawn status Lost status Source of classification or shelving scheme Damaged status Koha normalized classification for sorting Not for loan Permanent location Current location Date acquired Full call number Barcode Date last seen Price effective from Koha item type
        PKP_A72_V212IND   Indian Institute of Public Administration Indian Institute of Public Administration 2022-02-22 PKP A72 V212ind 88758 2022-02-22 2022-02-22 Book

Powered by Koha